000 00462nam a2200145 4500
999 _c10889
_d10889
008 180925b ||||| |||| 00| 0 eng d
022 _a2094-8042
082 _aDPer 370.105 M72 Jan-Dec 2011 v59-60
100 _931672
_aHonggang, Zenaida M.
245 _aWhat is child abuse?/
_cZenaida M. Honggang.
260 _aPhilippines:
_bIn the Grade School, Inc.,
_cc2011.
300 _av60 n5, page 196;
_c27cm.
650 0 _931673
_aChild abuse.
942 _2ddc
_cPER